Sports Quiz

Random Sports or NFL Quiz

NFL Players On New Teams 2010-11 Quiz Stats

 Plays Quiz not verified by Sporcle

Score 0/13 Timer 15:00
0 Plays Today
Former Team Player % Correct
New England PatriotsRandy Moss
83.5%
Denver BroncosBrandon Marshall
72.5%
Miami DolphinsJason Taylor
69.2%
San Diego ChargersLaDainian Tomlinson
68.1%
Buffalo BillsTerrell Owens
59.3%
Arizona CardinalsKarlos Dansby
57.1%
Seattle SeahawksT.J. Houshmandzadeh
41.8%
New England PatriotsLaurence Maroney
39.6%
Arizona CardinalsMatt Leinart
36.3%
Miami DolphinsJoey Porter
36.3%
Miami DolphinsGreg Camarillo
35.2%
Buffalo BillsTrent Edwards
29.7%
Baltimore RavensRichie Incognito
9.9%

You're not logged in!

Compare scores with friends on all Sporcle quizzes.
OR
Log In

Show Comments

Extras

Created Nov 1, 2010ReportNominate
Tags:NFL Quiz, former, player, team

Top Quizzes Today


Score Distribution

Your Account Isn't Verified!

In order to create a playlist on Sporcle, you need to verify the email address you used during registration. Go to your Sporcle Settings to finish the process.

Report this User

Report this user for behavior that violates our Community Guidelines.

Details: